|
|
|
|
| LEADER |
00671cam a2200205 7i4500 |
| 001 |
0000049813 |
| 005 |
20180424090000.0 |
| 020 |
|
|
|a 9781595583222 (hbk.)
|
| 020 |
|
|
|a 9781595581891 (pbk.)
|
| 090 |
0 |
0 |
|a P125
|b .C46 2008
|
| 100 |
1 |
|
|a Chomsky, Noam
|
| 245 |
1 |
4 |
|a The essential Chomsky
|c Noah Chomsky; edited by Anthony Arnove.
|
| 260 |
|
|
|a New York:
|b New Press,
|c 2008.
|
| 300 |
|
|
|a ix, 515 p.;
|c 24 cm.
|
| 500 |
|
|
|a Gift: Zainol Ahmad Resource Center
|
| 650 |
0 |
0 |
|a Linguistics
|
| 650 |
0 |
0 |
|a World politics --
|y 20th century
|
| 650 |
0 |
0 |
|a Language and languages --
|x Philosophy
|
| 700 |
1 |
|
|a Arnove, Anthony
|
| 999 |
|
|
|a 0000062676
|b BOK
|c OPEN SHELF
|e 1st Floor, Bestari Jaya
|